000 00318nam a22001457a 4500
008 231124b ||||| |||| 00| 0 eng d
020 _a0742501310
041 _aeng
080 _a61
082 _a61WAI
100 _a4
101 _aINF
245 _aAT THE FRONT LINES OF MEDICINE
_cWAITZKIN.H
942 _2udc
_cBK
999 _c60507
_d60507